| 000 | 00704cam a2200145 4500500 | ||
|---|---|---|---|
| 005 | 20251228082843.0 | ||
| 041 | _afre | ||
| 042 | _adc | ||
| 100 | 1 | 0 |
_aDecroisette, Françoise _eauthor |
| 245 | 0 | 0 | _aGiovan Battista della Porta, Teatro, tragédies (vol. 1) et comédies (vol. 2 et 3), Raffaele Sirri (dir.), Edizioni scientifiche italiane, Edizione nazionale delle opere di Giovan Battista Della Porta, 2002, 3 vol. de 17 × 24 cm de XXVI-446, 576 et 528 p. |
| 260 | _c2004. | ||
| 500 | _a92 | ||
| 786 | 0 | _nDix-septième siècle | 224 | 3 | 2004-09-01 | p. 505k-539k | 0012-4273 | |
| 856 | 4 | 1 | _uhttps://shs.cairn.info/revue-dix-septieme-siecle-2004-3-page-505k?lang=fr&redirect-ssocas=7080 |
| 999 |
_c1599953 _d1599953 |
||